00265nam a22001097a 4500041000900000082001200009100003100021245003600052260003900088300000800127650002000135 aUrdu a297 PIC aPikthal Mohammad Marmadeok aIslami Saqafat aur Daure Jadeed aNew DelhibAreeb Publicationc2011 a208 aIslam - Culture